|
|
|
|
| LEADER |
00000nab a2200000uu 4500 |
| 001 |
vtls011450702 |
| 003 |
SK-MaSNL |
| 005 |
20260303151311.0 |
| 008 |
230222|2002 xo |||||||||||||||||eng| |
| 015 |
|
|
|a SNBRB
|
| 035 |
|
|
|a (urnnbn)urn:nbn:sk:snk:ar-006jxn
|
| 035 |
|
|
|a (uuid)5b9b00de-f762-42d2-8fe9-1b04d8a12089
|
| 035 |
|
|
|a urn:nbn:sk:snk-abcmtx
|
| 040 |
|
|
|a SNKBUCL
|b slo
|c SNKBUCL
|e AACR2
|
| 041 |
0 |
|
|a eng
|
| 044 |
|
|
|a xo
|c SK
|
| 100 |
1 |
|
|a Neggers, J.
|4 aut
|9 1170695
|
| 245 |
1 |
0 |
|a ON □-ALGEBRAS
|c J. Neggers, Hee Sik Kim
|
| 700 |
1 |
|
|a Hee Sik Kim
|4 aut
|9 1170696
|
| 773 |
0 |
|
|t Mathematica Slovaca
|g Roč. 52, č. 5 (2002), s. 517-530
|
| 958 |
|
|
|a OND
|
| 958 |
|
|
|a EUIPO
|
| 958 |
|
|
|a article16
|
| 999 |
|
|
|c 2017008
|d 2018938
|